000 01095nai a22002057a 4500
003 OSt
005 20191015172529.0
008 160902b xxu||||| |||| 00| 0 eng d
022 _a2521-2508 (impreso); 2521-2516 (online)
040 _aBMC
_cBMC
082 _a343.07197284
245 0 0 _aRevista de educación militar y cultura
_c[Juan de Jesús Guzmán Morales ...et al], Director general
_pjulio
260 _aSan Salvador (El Salvador)
_bComando de Doctrina y Educación Militar
_c2019
300 _a54 p.
_bil.
_c28 cm
490 _aEducación militar y cultura
_v12
505 _aContiene: Pensamiento crítico en la educación universitaria.- Incorporación de la informática al proceso de enseñanza-aprendizaje.- Cooperación del ejército Brasileño en la educación y adiestramiento en la Fuerza Armanda de El Salvador.- Educación en ciencias sociales y formación ciudadana.- La guerra de las 100 horas 1969.-
650 2 4 _921651
_aFuerzas armadas
_zEl Salvador
_xHistoria
700 1 _944167
_aGuzmán Morales, Juan de Jesús
_cGeneral de Brigada
942 _2ddc
_cPR
_hprozim
999 _c31005
_d31005